000 00803nam a2200241Ia 4500
003 OSt
005 20220926021027.0
006 a|||||r|||| 00| 0
007 ta
008 220923b |||||||| |||| 00| 0 eng d
037 _cGeneral Book
040 _aRTL
_cRTL
_beng
041 _2eng
_aeng
082 _aV1N45,93:3 (X:5).N61s, K1/UN
110 _aUnited nations, (Statistical office of-)
_9325647
245 0 _aStandard international trade classification, Revised.
260 _aNew York
_bStatistical office of the United Nations.
_c1961
300 _avii; 135p.
_ccm.
490 _aStatistical paper series M no.34
700 _aUnited nations, (Statistical office of-)
_9325648
942 _hV1N45,93:3 (X:5).N61s, K1/UN
_cGB
_2CC
999 _c635550
_d635550